| 000 | 01246cam a22003497a 4500 | ||
|---|---|---|---|
| 003 | CHAP | ||
| 005 | 20220329140255.0 | ||
| 008 | 971013s1981 ag r 00010 spa d | ||
| 010 | _a49591 | ||
| 011 | _a50563 | ||
| 035 | _a54713 | ||
| 040 | _cCHAP | ||
| 082 |
_a631.455 _bF33Y |
||
| 100 | 0 | 0 |
_aFaulkner, Edward Hubert. _939832 |
| 245 | 1 | 3 |
_aLa insensatez del agricultor _b: erosión un planteo ecológico _c/por Faulkner Edward Hubert |
| 260 |
_aBuenos Aires : _bEl Ateneo, _c1981 |
||
| 300 | _a138 p. | ||
| 590 |
_aBATCH-UPD _b10 _c20130110 _lUCH01 _h0358 |
||
| 590 |
_aBATCH-UPD _b10 _c20130110 _lUCH01 _h1958 |
||
| 590 |
_aBATCH-UPD _b10 _c20130410 _lUCH01 _h0031 |
||
| 590 |
_aBATCH-UPD _b10 _c20130410 _lUCH01 _h1518 |
||
| 590 |
_aBATCH-UPD _b10 _c20130914 _lUCH01 _h1249 |
||
| 590 |
_aCONVERSION _b10 _c20130109 _lUCH01 _h1327 |
||
| 650 | 1 | 4 |
_aEcología agrícola. _935165 |
| 650 | 1 | 4 |
_aErosión. _937335 |
| 650 | 1 | 4 |
_aSuelos. _9110191 |
| 901 | _aBK | ||
| 942 | _cLIBRO | ||
| 949 |
_a631.455 F33Y _bBC _cLIBRO _d33724000075610 _eLIBRO _fc.2 _h57258 _i54713 _si _t115.00 |
||
| 949 |
_a631.455 F33Y _bBC _cLIBRO _d33724000075628 _eLIBRO _h57257 _i54713 _si _t115.00 |
||
| 949 |
_a631.455 F33Y _bBC _cLIBRO _d33724002248561 _eLIBRO _fc.3 _gDonaciØn _h115133 _i54713 _sb |
||
| 999 |
_c49591 _d49591 |
||